000 00457nam a2200145 i 4500
001 31794
003 ES-MaACL
007 t|
008 030130s1937 gw ||||1| ger d
100 1 _aBecker, Albert.
_926932
245 1 0 _aOsterei und osterhase
_b: von branchetum der deutschen osterzei /
_cAlbert Becker.
260 _aJena :
_bE. Dicderichs,
_c[1937] (
_eLeipzig :
_fSpamer)
300 _a66 p., 22 lám. ;
_c20 cm.
852 _aES-MaACL
_jB-9819
_bR.19122
999 _c31794
_d31794